|
|
|
|
| LEADER |
00000cam a2200000 7i4500 |
| 001 |
0000014912 |
| 005 |
20080307.0 |
| 008 |
080307 |
| 020 |
|
|
|a 9833624014
|
| 090 |
0 |
0 |
|a 306.8
|b SMA
|
| 245 |
1 |
0 |
|a SmartStart :
|b a guide for newly weds
|
| 260 |
|
|
|a Kuala Lumpur :
|b Ministry of Women, Family and Community Development ,
|c 2006
|
| 650 |
|
0 |
|a Family
|
| 650 |
|
0 |
|a Husband and wife
|
| 650 |
|
0 |
|a Marriage
|
| 650 |
|
0 |
|a Parenthood
|
| 999 |
|
|
|a 0001012267
|b Book
|c Adult Collection
|e Cawangan Mersing
|
| 999 |
|
|
|a 0001012269
|b Book
|c Adult Collection
|e Cawangan Mersing
|
| 999 |
|
|
|a 0001012270
|b Book
|c Adult Collection
|e Perbadanan Perpustakaan Awam Johor
|